| 000 | 00652cab a2200241 4500 | ||
|---|---|---|---|
| 001 | ABS60645 | ||
| 008 | 090401t1999 xxu||||| |||| 00| 0 eng d | ||
| 035 | _a(Sirsi) u93395 | ||
| 041 | _aeng | ||
| 245 | _aAlan Wibberley Building Ltd v Insley | ||
| 260 | _c1999 | ||
| 350 | _a0 | ||
| 490 |
_aWeekly Law Reports _v[1999] 1 WLR 894-902(8) |
||
| 650 | _aALAN WIBBERLEY BUILDING LTD V INSLEY | ||
| 650 |
_aBoundary disputes _96221 |
||
| 650 | _aCONVEYANCING | ||
| 650 | _aDITCHES | ||
| 650 | _aHEDGE AND DITCH PRESUMPTION | ||
| 650 | _aHEDGES | ||
| 690 | _aHIGHWAYS RIGHTS OF WAY AND EASEMENTS-CASE LAW | ||
| 942 | _n0 | ||
| 948 | _c18/05/1999 | ||
| 999 |
_c59198 _d59198 |
||